000
00292nam a22001337a 4500
008
170912b xxu||||| |||| 00| 0 eng d
020
_a
0534493300
041
_a
eng
080
_2
5TH
_a
53
100
_a
43
101
_a
FIZ
245
_a
INQUIRY INTO PHYSICS
_c
OSTDIEK,V.J
942
_2
udc
_c
BK
999
_c
27276
_d
27276